000 00436nmm a2200157Ia 4500
008 251105s9999||||xx |||||||||||||||||und||
041 _aspa
100 _aBach, Richard
245 0 _aViajes con Puff
264 _a[Madrid, España] :
_bEdiciones B,
_c2014
300 _a304 páginas
700 _aBach, Richard
700 1 _a Estrella González, Juan José
856 _uhttps://public.digitaliapublishing.com/a/53418
942 _cCF
999 _c62363
_d62363